LEADER 01629nam 2200361Ia 450 001 996387943903316 005 20210720230102.0 035 $a(CKB)4940000000085389 035 $a(EEBO)2248548406 035 $a(OCoLC)ocm36272668e 035 $a(OCoLC)36272668 035 $a(EXLCZ)994940000000085389 100 $a19970127d1683 uy | 101 0 $aeng 135 $aurbn#|||a|bb| 200 04$aThe Clerks grammer$b[electronic resource] $ewherein are laid down plain and easy rules for the making any bond or bill obligatory or single, with the several conditions in most cases : also instructions how to place the names, sums and dates of the same in true proper Latine : likewise, an exact method of drawing all manner of deeds of common use, with instructions how to raise any consideration, habendum, redendum, preservation or covenant used therein, made more plain & intelligible to the meanest capacity than any book of this nature hitherto extant in print 210 $aLondon$cPrinted by T.B. for J. Kidgil ..$d1683 215 $a[4], 158, [6] p 300 $aIncludes index. 300 $aAttributed by Wing (2nd ed.) to G.F. 300 $aSignatures: 2 leaves unsigned, B-Gı², Hı?. 300 $aReproduction of original in the William Andrews Clark Memorial Library, University of California, Los Angeles. 330 $aeebo-0189 606 $aForms (Law)$zGreat Britain 615 0$aForms (Law) 701 $aG. F$01002031 801 0$bEAE 801 1$bEAE 801 2$bWaOLN 906 $aBOOK 912 $a996387943903316 996 $aThe Clerks grammer$92364367 997 $aUNISA LEADER 01236cam0-22004571i-450 001 990003982990403321 005 20230214113314.0 010 $a88-06-16628-x 035 $a000398299 035 $aFED01000398299 035 $a(Aleph)000398299FED01 100 $a20031126d2003----km-y0itay50------ba 101 0 $aita 102 $aIT 105 $ay-------0010y 200 1 $a<>scomparsa dell'Italia industriale$fLuciano Gallino 210 $aTorino$cEinaudi$d2003 215 $a106 p.$d18 cm 225 1 $aVele$v3 610 0 $aSociologia economica 610 0 $aInformatica 610 0 $aImprese High Tech 676 $a338.00945$v23$zita 676 $a045.002$v23$zita 700 1$aGallino,$bLuciano$f<1927- >$033207 801 0$aIT$bUNINA$gREICAT$2UNIMARC 901 $aBK 912 $a990003982990403321 952 $a17430 GAL$b20180$fSES 952 $aCollez. 2025 (3)$b40899$fFSPBC 952 $a045.002.GAL$b5185$fDECGE 952 $aXV R 741a,b$b1007$fDTE 952 $aFONDO ROSSI 3343$bROSSI 3458$fFARBC 959 $aFARBC 959 $aSES 959 $aFSPBC 959 $aDECGE 959 $aECA 959 $aDTE 996 $aScomparsa dell'Italia industriale$968344 997 $aUNINA